[Event "11th dMP Batavia Blitz"]
[Site "Amsterdam NED"]
[Date "2019.03.10"]
[Round "9.4"]
[White "Lopez, Jasel"]
[Black "Lahaye, Rick"]
[Result "1-0"]
[WhiteElo "2390"]
[BlackElo "2317"]
[EventDate "2019.03.01"]

1. c4 e5 2. Nc3 Nf6 3. e4 Bc5 4. d3 d6 5. h3 Nc6 6. Nge2 Be6 7. Be3 Bxe3 8.
fxe3 h5 9. g3 h4 10. g4 Qd7 11. Qd2 a6 12. Bg2 Nh7 13. b3 Ng5 14. Rf1 b5
15. d4 bxc4 16. d5 cxb3 17. dxe6 fxe6 18. axb3 Ke7 19. Rf5 exf5 20. Nd5+
Kf7 21. exf5 e4 22. Qc3 Ne5 23. Nd4 c5 24. Ne6 Nxe6 25. fxe6+ Qxe6 26. Bxe4
Nxg4 27. Bh1 Nf6 28. O-O-O Qxh3 29. Nf4 Qf5 30. Qc4+ Ke7 31. Rf1 Qg4 32.
Nd5+ Kd8 33. Nxf6 Qxc4+ 34. bxc4 gxf6 35. Bxa8 Ke7 36. Bd5 h3 37. Kd2 h2
38. Bh1 Rh4 39. Kd3 Rg4 40. Rf2 Rh4 41. Ra2 Ke6 42. Rxa6 Ke5 43. Ra2 f5 44.
Rf2 Rh3 45. Ke2 Rh4 46. Kd3 Rh3 47. Rf1 Rg3 48. Ke2 Rg4 49. Bd5 Rh4 50. Rh1
f4 51. exf4+ Kxf4 52. Kf2 Rh5 53. Kg2 Ke3 54. Rxh2 Rg5+ 55. Kf1 Rg6 56.
Re2+ Kd3 57. Re6 1-0

[Event "11th dMP Batavia Blitz"]
[Site "Amsterdam NED"]
[Date "2019.03.10"]
[Round "9.5"]
[White "Warmerdam, Max"]
[Black "Kuipers, Stefan"]
[Result "1-0"]
[WhiteElo "2419"]
[BlackElo "2501"]
[EventDate "2019.03.01"]

1. e4 e6 2. d4 d5 3. Nc3 Nf6 4. Bg5 dxe4 5. Nxe4 Be7 6. Bxf6 Bxf6 7. Nf3
Bd7 8. Bc4 Bc6 9. Qe2 Bxe4 10. Qxe4 c6 11. O-O-O Nd7 12. Kb1 Qb6 13. Bxe6
fxe6 14. Qxe6+ Kd8 15. Ne5 Bxe5 16. dxe5 Qc7 17. Qf7 Kc8 18. Qxg7 Re8 19.
Qxh7 Nxe5 20. Qf5+ Nd7 21. h4 a5 22. h5 a4 23. h6 Ra5 24. Qg6 Qe5 25. h7
Rh8 26. Rde1 Qd4 27. Re4 Rg5 28. Qe8+ Rxe8 29. Rxe8+ Kc7 30. h8=Q Qxf2 31.
Rc8+ Kd6 32. Rd1+ Kc5 33. Qc3+ Kb6 34. Qb4+ Rb5 35. Qd4+ Qxd4 36. Rxd4 Nc5
37. a3 Ne6 38. Rb4 1-0

[Event "11th dMP Batavia Blitz"]
[Site "Amsterdam NED"]
[Date "2019.03.10"]
[Round "9.1"]
[White "Van Der Wiel, John"]
[Black "Leenhouts, Koen"]
[Result "1/2-1/2"]
[WhiteElo "2391"]
[BlackElo "2393"]
[EventDate "2019.03.01"]

1. d4 Nf6 2. Bg5 Ne4 3. Bf4 d5 4. Nd2 Nxd2 5. Qxd2 e6 6. e3 Bd6 7. Nf3 b6
8. h4 Ba6 9. h5 h6 10. Rh4 Bxf1 11. Kxf1 Nd7 12. Re1 Nf6 13. Be5 Bxe5 14.
dxe5 Ne4 15. Qe2 Qe7 16. Rg4 O-O-O 17. Nd2 f5 18. exf6 gxf6 19. Nxe4
1/2-1/2

[Event "11th dMP Batavia Blitz"]
[Site "Amsterdam NED"]
[Date "2019.03.10"]
[Round "9.2"]
[White "Meissner, Felix"]
[Black "Arutinian, David"]
[Result "1-0"]
[WhiteElo "2308"]
[BlackElo "2641"]
[EventDate "2019.03.01"]

1. e4 c5 2. Nc3 Nc6 3. Bb5 Nd4 4. Nf3 e6 5. O-O a6 6. Bd3 Nc6 7. Re1 d6 8.
b3 g6 9. Bb2 Bg7 10. a4 Nge7 11. Bf1 O-O 12. Qc1 b6 13. Nd1 e5 14. d3 h6
15. Ne3 Be6 16. c4 f5 17. Nd5 f4 18. h3 g5 19. Nh2 Ng6 20. Be2 Nh4 21. Qd1
Kh8 22. Bg4 Bg8 23. Nf3 Ng6 24. Nh2 Rb8 25. Bh5 Nge7 26. Bg4 b5 27. axb5
axb5 28. Bc3 b4 29. Bb2 Nxd5 30. exd5 Ne7 31. Bf3 Qd7 32. Bg4 Qc7 33. Nf3
Bh7 34. Qc2 Bg6 35. Nd2 h5 36. Bf3 Nf5 37. Ne4 Nh4 38. Nxg5 Bh6 39. Ne4 Rg8
40. Kf1 Bf5 41. Nxd6 Nxf3 42. Nxf5 Qh7 43. gxf3 Qxf5 44. Bxe5+ Bg7 45.
Bxg7+ Rxg7 46. Re4 Qf6 47. d4 cxd4 48. Qd3 Qh4 49. Qxd4 Rg8 50. Ra7 Kh7 51.
Rxg7+ Rxg7 52. Rxf4 Qxh3+ 53. Ke2 Re7+ 54. Re4 Rf7 55. Qd3 Kg7 56. Qd4+ Kh7
57. Qd3 Kg7 58. Qe3 Qg2 59. Re5 Kg6 60. Qe4+ Kg7 61. Rxh5 Qg1 62. Rh7+ Kg8
63. Rxf7 Kxf7 64. d6 Qa1 65. Qd5+ Ke8 66. Qe6+ Kf8 67. Qe7+ Kg8 68. d7 Qb2+
69. Kf1 Qb1+ 70. Kg2 Qg6+ 71. Kh3 Qf5+ 72. Kg3 Qg6+ 73. Kf4 Qh6+ 74. Qg5+
1-0

[Event "11th dMP Batavia Blitz"]
[Site "Amsterdam NED"]
[Date "2019.03.10"]
[Round "9.3"]
[White "Williams, Simon"]
[Black "Pijpers, Arthur"]
[Result "0-1"]
[WhiteElo "2525"]
[BlackElo "2353"]
[EventDate "2019.03.01"]

1. e4 Nf6 2. e5 Nd5 3. Qf3 e6 4. Nc3 Nxc3 5. dxc3 Nc6 6. Qg3 f6 7. Nf3 fxe5
8. Bd3 Qf6 9. Ng5 g6 10. h4 Ne7 11. Ne4 Qg7 12. Bg5 Nf5 13. Qh2 Be7 14. g4
Nd6 15. Nd2 Bxg5 16. hxg5 b6 17. Be4 Bb7 18. Bxb7 Nxb7 19. a4 O-O-O 20. a5
Nxa5 21. b4 Nc6 22. Qg2 Kb8 23. Qf1 e4 24. Ra3 Qe5 25. Qa6 e3 26. fxe3
Qxe3+ 27. Kd1 Rhf8 28. Re1 Qxg5 29. Ne4 Qxg4+ 30. Kc1 d6 31. Kb2 Rf4 32.
Nd2 Qg2 33. Nb3 Rf2 34. Rc1 h5 35. b5 Ne5 36. Qxa7+ Kc8 37. Ra4 Qd5 38. Nd4
Kd7 39. Kb1 Nc4 40. Rg1 e5 41. Rxg6 exd4 42. Rg7+ Rf7 43. Rxf7+ Qxf7 44.
Qb7 Ne5 45. cxd4 Qf3 46. Qa7 Qf1+ 47. Ka2 Nc4 48. Qb7 Na5 49. Qd5 Rf8 50.
Kb2 Qf3 51. Qg5 Qf5 52. Qg2 Qxb5+ 53. Ka3 Nc4+ 54. Rxc4 Qxc4 55. Qg7+ Rf7
0-1

[Event "11th dMP Batavia Blitz"]
[Site "Amsterdam NED"]
[Date "2019.03.10"]
[Round "9.4"]
[White "Lopez, Jasel"]
[Black "Lahaye, Rick"]
[Result "1-0"]
[WhiteElo "2390"]
[BlackElo "2317"]
[EventDate "2019.03.01"]

1. d4 Nf6 2. c4 e6 3. Nc3 Bb4 4. a3 Bxc3+ 5. bxc3 b6 6. e3 Bb7 7. f3 d6 8.
Bd3 Nbd7 9. e4 e5 10. Ne2 Qe7 11. O-O h6 12. Ng3 g6 13. Ra2 h5 14. Bg5 h4
15. Ne2 Rh5 16. Qc1 Qe6 17. f4 exd4 18. Nxd4 Qe7 19. e5 Rxg5 20. exf6 Rxg2+
21. Rxg2 Qxf6 22. Re2+ Kf8 23. Be4 Bxe4 24. Rxe4 Nc5 25. Re2 Kg7 26. Qe3
Rh8 27. Qe7 Rh5 28. Qxc7 d5 29. Re5 Nd3 30. Rxh5 gxh5 31. Qc6 Qe7 32. Nf5+
1-0

[Event "11th dMP Batavia Blitz"]
[Site "Amsterdam NED"]
[Date "2019.03.10"]
[Round "9.5"]
[White "Kuipers, Stefan"]
[Black "Warmerdam, Max"]
[Result "0-1"]
[WhiteElo "2501"]
[BlackElo "2419"]
[EventDate "2019.03.01"]

1. e4 c5 2. Nf3 e6 3. d4 cxd4 4. Nxd4 Nc6 5. Nc3 d6 6. g4 Nge7 7. Be3 a6 8.
Qe2 Nxd4 9. Bxd4 b5 10. O-O-O Bb7 11. Rg1 Nc6 12. Be3 Qa5 13. a3 b4 14. Nb1
Rc8 15. f3 Be7 16. Qf2 bxa3 17. Nxa3 d5 18. Bb6 Qa4 19. Bc5 Bxc5 20. Qxc5
Nb4 21. Qf2 Na2+ 22. Kd2 Qb4+ 23. Ke2 Qxb2 24. Qe3 Nc3+ 25. Ke1 Qxa3 26.
Rd3 Qa1+ 27. Kf2 dxe4 28. Rd8+ Kxd8 29. Qb6+ Rc7 30. Qd6+ Kc8 0-1

[Event "11th dMP Batavia Blitz"]
[Site "Amsterdam NED"]
[Date "2019.03.10"]
[Round "9.4"]
[White "Lahaye, Rick"]
[Black "Lopez, Jasel"]
[Result "0-1"]
[WhiteElo "2317"]
[BlackElo "2390"]
[EventDate "2019.03.01"]

1. e4 e6 2. d4 d5 3. e5 c5 4. f4 Nc6 5. Nf3 f6 6. a3 Nh6 7. Bd3 cxd4 8. h3
fxe5 9. fxe5 Nf5 10. Bxf5 exf5 11. O-O Bc5 12. b4 Bb6 13. b5 Ne7 14. Kh1
O-O 15. Bb2 a6 16. bxa6 Rxa6 17. Nbd2 f4 18. Nb3 Nf5 19. Bxd4 Bxd4 20.
Nbxd4 Ng3+ 21. Kh2 Rh6 22. Re1 Ne4 23. c4 Qe8 24. cxd5 Qg6 25. Rxe4 Qxe4
26. d6 Qg6 27. Qe1 Bxh3 28. gxh3 Qg4 29. Ng1 f3 30. Qf2 Re8 31. Re1 Qf4+
32. Kh1 Rxe5 33. Rxe5 Qxe5 34. Qa2+ Kf8 35. Ngxf3 Rxh3+ 36. Kg1 Qg3+ 37.
Qg2 Qxg2+ 38. Kxg2 Rh6 39. d7 Ke7 40. Nf5+ Kxd7 41. Nxh6 gxh6 42. Kf2 Kc6
43. Nd4+ Kb6 44. Ke3 Ka5 45. Nc2 Ka4 46. Kd3 h5 47. Kc3 h4 48. Kb2 h3 49.
Nb4 h2 0-1